[Event "GER-chT Betriebe"]
[Site "Berlin"]
[Date "2006.10.06"]
[Round "3.2"]
[White "Eppich, Arefried"]
[Black "Siewert, Frank"]
[Result "1-0"]
[WhiteElo "1650"]
[BlackElo "1500"]
[PlyCount "57"]
[EventDate "2006.10.05"]
[EventType "team-tourn"]
[EventRounds "7"]
[EventCountry "GER"]
[SourceTitle "EXT 2007"]
[Source "ChessBase"]
[SourceDate "2006.11.23"]
[SourceVersion "1"]
[SourceVersionDate "2006.11.23"]
[SourceQuality "1"]
[WhiteTeam "Berlin Volksbank"]
[BlackTeam "Hamburg RASI"]
[WhiteTeamCountry "GER"]
[BlackTeamCountry "GER"]

1. e4 e6 2. d4 d5 3. Nd2 dxe4 4. Nxe4 Be7 5. Nf3 Nf6 6. Bd3 Nc6 7. c3 h6 8. 0-0 Bd7 9. Re1 a6 10. Bf4 Nd5 11. Bg3 f5 12. Nc5 b6 13. Nxd7 Kxd7 14. Ne5+ Nxe5 15. Bxe5 Bf6 16. Qe2 Bxe5 17. Qxe5 Qf6 18. Qe2 Rhe8 19. Qf3 g6 20. Re5 c6 21. Rae1 Re7 22. c4 Nc7 23. Be4 Rb8 24. Bxc6+ Kc8 25. d5 Ne8 26. Bxe8 Rxe8 27. dxe6 Qe7 28. Qc6+ Kd8 29. Rd1+ 1-0